The life and works of Rizal / (Record no. 94107)

MARC details
000 -LEADER
fixed length control field 00604nam a22002057a 4500
003 - CONTROL NUMBER IDENTIFIER
control field OSt
005 - DATE AND TIME OF LATEST TRANSACTION
control field 20260505171153.0
008 - FIXED-LENGTH DATA ELEMENTS--GENERAL INFORMATION
fixed length control field 260505b |||||||| |||| 00| 0 eng d
020 ## - INTERNATIONAL STANDARD BOOK NUMBER
International Standard Book Number 9789719820055
040 ## - CATALOGING SOURCE
Transcribing agency HS LRC
050 ## - LIBRARY OF CONGRESS CALL NUMBER
Classification number DS 675.8 .R62
Item number .C591 2024
100 ## - MAIN ENTRY--PERSONAL NAME
Personal name Cruz, Geoffrey Rhoel C.
9 (RLIN) 47862
245 ## - TITLE STATEMENT
Title The life and works of Rizal /
Statement of responsibility, etc. Geoffrey Rhoel C. Cruz
260 ## - PUBLICATION, DISTRIBUTION, ETC. (IMPRINT)
Place of publication, distribution, etc. Quezon City :
Name of publisher, distributor, etc. C&E Publishing,
Date of publication, distribution, etc. c2024.
300 ## - PHYSICAL DESCRIPTION
Extent xii, 276 p. :
Other physical details col. ill. ;
Dimensions 23 cm.
365 ## - TRADE PRICE
Price amount 475.00
504 ## - BIBLIOGRAPHY, ETC. NOTE
Bibliography, etc includes indexes.
650 ## - SUBJECT ADDED ENTRY--TOPICAL TERM
Topical term or geographic name as entry element Rizal
General subdivision Life and works.
9 (RLIN) 131690
942 ## - ADDED ENTRY ELEMENTS (KOHA)
Source of classification or shelving scheme Library of Congress Classification
Koha item type Books
Holdings
Withdrawn status Lost status Source of classification or shelving scheme Damaged status Not for loan Collection code Home library Current library Shelving location Date acquired Source of acquisition Cost, normal purchase price Inventory number Total Checkouts Full call number Barcode Date last seen Copy number Cost, replacement price Price effective from Koha item type
    Library of Congress Classification     Faculty Reference Collection DLSU-D HS Learning Resource Center DLSU-D HS Learning Resource Center Faculty Collection 06/24/2025 HS LRC SY 2024-2025 475.00 FRC-002616   DS 675.8 .R62 .C591 2024 3HS00000002616 05/05/2026 002616 475.00 05/05/2026 Books